Animals born alive and well / (Record no. 4189)

MARC details
000 -LEADER
fixed length control field 01090cam a2200325 a 4500
001 - CONTROL NUMBER
control field 4189
003 - CONTROL NUMBER IDENTIFIER
control field FISKH
005 - DATE AND TIME OF LATEST TRANSACTION
control field 20240626112946.0
008 - FIXED-LENGTH DATA ELEMENTS--GENERAL INFORMATION
fixed length control field 821207s1982 nyua j 000 0 eng
010 ## - LIBRARY OF CONGRESS CONTROL NUMBER
LC control number 82080872
020 ## - INTERNATIONAL STANDARD BOOK NUMBER
International Standard Book Number 0448018225 :
040 ## - CATALOGING SOURCE
Original cataloging agency DLC
Transcribing agency DLC
Modifying agency DLC
Language of cataloging eng
050 ## - LIBRARY OF CONGRESS CALL NUMBER
Classification number QL706.H44
082 ## - DEWEY DECIMAL CLASSIFICATION NUMBER
Classification number 599
100 1# - MAIN ENTRY--PERSONAL NAME
Personal name Heller, Ruth,
Dates associated with a name 1924-
245 10 - TITLE STATEMENT
Title Animals born alive and well /
Statement of responsibility, etc. by Ruth Heller.
250 ## - EDITION STATEMENT
Edition statement First Scholastic printing, October 1987
260 ## - PUBLICATION, DISTRIBUTION, ETC.
Place of publication, distribution, etc. New York :
Name of publisher, distributor, etc. Scholastic,
Date of publication, distribution, etc. 1982.
300 ## - PHYSICAL DESCRIPTION
Extent 44 unnumbered pages :
Other physical details color illustrations ;
Dimensions 21 cm
500 ## - GENERAL NOTE
General note Ill. on lining papers.
505 ## - FORMATTED CONTENTS NOTE
Formatted contents note M<br/>
520 ## - SUMMARY, ETC.
Summary, etc. Text and illustrations introduce animals with fur or hair who nurse their young, breathe fresh air, and except for two species give birth to their young alive instead of laying eggs.
521 8# - TARGET AUDIENCE NOTE
Target audience note 540<br/>
Source Lexile AD <br/>
521 8# - TARGET AUDIENCE NOTE
Target audience note M<br/>
Source Raz-Plus <br/>
650 #0 - SUBJECT ADDED ENTRY--TOPICAL TERM
Topical term or geographic name entry element Mammals
General subdivision Juvenile literature.
650 #1 - SUBJECT ADDED ENTRY--TOPICAL TERM
Topical term or geographic name entry element Mammals.
906 ## - LOCAL DATA ELEMENT F, LDF (RLIN)
a 7
b cbc
c orignew
d 2
e opcn
f 19
g y-gencatlg
942 ## - ADDED ENTRY ELEMENTS (KOHA)
Source of classification or shelving scheme Dewey Decimal Classification
Koha item type Books
Suppress in OPAC No
Holdings
Withdrawn status Lost status Source of classification or shelving scheme Damaged status Not for loan Collection Home library Current library Shelving location Date acquired Total Checkouts Full call number Barcode Date last seen Price effective from Koha item type
    Dewey Decimal Classification     Non-Fiction Footprints International School Library Network Toul Kork Campus Footprints International School Library Network Toul Kork Campus TK Primary Library Room(4th Floor), Bookcase 3&4, Shelves 17-32, Yellow Books 06/26/2024   HEL 599 QL706.H44 2024-0881 06/26/2024 06/26/2024 Books